000 01114nam a2200277Ia 4500
003 OSt
005 20221005105916.0
006 a|||||r|||| 00| 0
007 ta
008 221004b |||||||| |||| 00| 0 hin d
020 _a8126023821 (pbk)
_c350
024 _a92009
037 _b537, 24/03/2009, Vani Prakashan
_cTextual
040 _aCRL
_cCRL
_bhin
041 _2hin
_ahin
082 _aO1517,3N34x, 152P8
100 _aझा, राजमोहन
245 0 _aआज कल परसों
246 _aĀj kal parasoan
260 _aनई दिल्ली
_bसाहित्य अकादेमी भारत
_c2008
300 _a144पृ0
_ccm.
490 _aसाहित्य अकादेमी द्वारा पुरस्कृत मैथिली कहानी - संग्रह
700 _a मिश्र, शुभंकर, अनु.
942 _hO1517,3N34x, 152P8
_cTEXL
_2cc
999 _c1017251
_d1017251